| 000 | 00531nam a2200181Ia 4500 | ||
|---|---|---|---|
| 005 | 20250326124042.0 | ||
| 008 | 250326s9999 xx 000 0 und d | ||
| 037 | _aTextbook | ||
| 040 |
_aFMSL _beng _cFMSL |
||
| 041 |
_aeng _2eng |
||
| 084 |
_aX.44 L3 _qFMSL |
||
| 100 |
_aChand M _9736594 |
||
| 245 | 0 |
_aAspects of economic theory, liquidity, growth and policy in India _cChand M; Lohkar R N |
|
| 260 |
_aAllahabad _bAllahabad, Chugh _c1973 |
||
| 300 | _a262p | ||
| 942 |
_cTB _hX.44 L3 |
||
| 999 |
_c1272059 _d1272059 |
||